[Event "AUTO-ADV-4726"]
[Site "http://www.queenalice.com/game.php?id=1819476"]
[Date "2023.8.24"]
[Round "1"]
[White "lat47"]
[Black "atbn"]
[Result "0-1"]
[WhiteElo "1918"]
[BlackElo "2049"]

1. d4 d5 2. Bf4 Nf6 3. e3 e6 4. Nf3 Nh5 5. Bg5 Nf6 6. Bd3 Be7 7. O-O h6 8. Bh4
Nc6 9. a3 g5 10. Bg3 Ne4 11. Bxe4 dxe4 12. Nfd2 f5 13. Nc3 Bd6 14. Bxd6 cxd6 15.
Qh5+ Ke7 16. Qe2 h5 17. f3 exf3 18. Nxf3 g4 19. Nh4 Qg8 20. g3 a6 21. Qf2 b5 22.
Ne2 Bb7 23. Nf4 Rh6 24. d5 Nd8 25. dxe6 Rf6 26. Nxh5 Qxe6 27. Nxf6 Kxf6 28.
Qxf5+ Qxf5 29. Nxf5 Ke5 30. Rae1 Bf3 31. Nh4 Ke4 32. Rf2 Ne6 33. Nxf3 gxf3 34.
h4 Rg8 35. Kh2 Nc7 36. Kh3 Nd5 37. g4 Nxe3 38. Kg3 Rf8 39. h5 d5 40. h6 d4 41.
Kh4 Kf4 42. g5 Ng2+ 43. Kh5 Nxe1 44. h7 Kg3 45. Kg6 Kxf2 46. Kg7 Rc8 47. h8=Q
Rxh8 48. Kxh8 Ke3 49. g6 f2 50. g7 f1=Q 51. g8=Q Qh1+ 52. Kg7 Qg1+ 53. Kf7 Qxg8+
54. Kxg8 Nxc2 0-1

[Event "AUTO-ADV-4726"]
[Site "http://www.queenalice.com/game.php?id=1819485"]
[Date "2023.8.24"]
[Round "1"]
[White "Fauquinelle"]
[Black "lat47"]
[Result "0-1"]
[WhiteElo "1909"]
[BlackElo "1852"]

1. f4 d5 2. e3 Nf6 3. b3 Bf5 4. Be2 e6 5. Bb2 a6 6. Nf3 Nc6 7. O-O Bc5 8. d4 Bb6
9. c4 Nb4 10. Na3 Ng4 11. Qd2 a5 12. h3 Nf6 13. c5 Ne4 14. Qe1 Ba7 15. Bc3 Nxc3
16. Qxc3 c6 17. Ne5 Bb8 18. g4 Be4 19. Bf3 Qh4 20. Bxe4 dxe4 21. Kg2 Nd5 22.
Nac4 Nxc3 0-1

[Event "AUTO-ADV-4726"]
[Site "http://www.queenalice.com/game.php?id=1819486"]
[Date "2023.8.24"]
[Round "1"]
[White "lat47"]
[Black "Fauquinelle"]
[Result "1-0"]
[WhiteElo "1886"]
[BlackElo "1974"]

1. d4 Nf6 2. Bf4 d5 3. e3 Bg4 4. Be2 Bxe2 5. Qxe2 Nc6 6. a3 g6 7. Nd2 Bg7 8.
Ngf3 O-O 9. h3 Nd7 10. g4 e5 11. dxe5 Ndxe5 12. Rb1 Nc4 13. Nxc4 dxc4 14. Qxc4
Qe7 15. g5 Rac8 16. Bg3 Ne5 17. Qe4 Nxf3+ 18. Qxf3 Qxg5 19. h4 Qa5+ 20. c3 c6
21. O-O Rcd8 22. Rfd1 Rd5 23. Rxd5 cxd5 24. Qe2 Qb6 25. Rd1 Rd8 26. Rd3 f5 27.
Rd2 Bf6 28. Qd1 Qc5 29. Qc1 b5 30. Qc2 a6 31. Re2 a5 32. f4 Re8 33. Qd3 Rd8 34.
Rh2 h5 35. Bf2 Qc6 36. Rg2 Kh7 37. Qd1 Qc5 38. Qf3 b4 39. Qg3 Rg8 40. e4 d4 41.
exf5 Qxf5 42. cxd4 Qb1+ 43. Kh2 Qxb2 44. f5 g5 45. Qd6 Bd8 46. Be3 Qxa3 47. Bxg5
Bxg5 48. hxg5 Qc1 49. Qh6# 1-0

[Event "AUTO-ADV-4709"]
[Site "http://www.queenalice.com/game.php?id=1820344"]
[Date "2023.9.6"]
[Round "2"]
[White "Capixabba789"]
[Black "lat47"]
[Result "1/2-1/2"]
[WhiteElo "1813"]
[BlackElo "1906"]

1. e4 e5 2. f4 d6 3. Nf3 Bg4 4. Bc4 Nf6 5. d3 Nc6 6. O-O exf4 7. Bxf4 Nd4 8.
Nbd2 a6 9. c3 Nc6 10. Qb3 Be6 11. Bxe6 fxe6 12. Qxe6+ Qe7 13. Qxe7+ Bxe7 14.
Rae1 O-O-O 15. b4 Ng4 16. a4 Nce5 17. Nxe5 Nxe5 18. d4 Nd3 19. Re2 Rhf8 20. Be3
Rxf1+ 21. Kxf1 Rf8+ 22. Nf3 Nf4 23. Rf2 Nd3 24. Re2 h6 25. d5 Rf7 26. Bd4 Nf4
27. Rf2 g5 28. e5 dxe5 29. Nxe5 Rf8 30. Kg1 Nxd5 31. Rxf8+ Bxf8 32. h3 Kd8 33.
g4 Ke8 34. Kg2 b5 35. a5 Bd6 36. Kf3 c6 37. Nxc6 Kf7 38. Ke4 Nf4 39. Be5 Bxe5
40. Kxe5 Nxh3 41. Nb8 Nf4 42. Nxa6 Ke7 43. Nc7 Kd7 44. Nxb5 Kc6 45. c4 Nd3+ 46.
Kf6 Nxb4 47. Kg6 Kc5 48. Kxh6 Kxc4 49. Nd6+ Kc5 50. Nf7 Kb5 51. Kxg5 Kxa5 52.
Kf6 Nd5+ 53. Kg7 Ne7 54. g5 Kb6 55. Kf6 Nd5+ 56. Ke5 Ne7 57. Kf6 Nd5+ 58. Kg7
Ne7 59. Kf6 Nd5+ 1/2-1/2

[Event "AUTO-ADV-4709"]
[Site "http://www.queenalice.com/game.php?id=1820345"]
[Date "2023.9.6"]
[Round "2"]
[White "lat47"]
[Black "Capixabba789"]
[Result "1-0"]
[WhiteElo "1870"]
[BlackElo "1877"]

1. d4 d5 2. e3 Bf5 3. Nf3 e6 4. h3 Nf6 5. c3 Bd6 6. Ne5 Bxe5 7. dxe5 Ne4 8. Nd2
O-O 9. Nxe4 Bxe4 10. Qg4 Nc6 11. f3 Bg6 12. h4 Nxe5 13. Qd4 f6 14. b3 a6 15. Be2
b6 16. f4 c5 17. Qd2 Nc6 18. Bd3 f5 19. Qf2 e5 20. h5 Be8 21. Qg3 e4 22. h6 Bg6
23. Be2 Qf6 24. Bb2 gxh6 25. Rb1 Qe7 26. Rxh6 Kg7 27. Qh2 Rh8 28. Rd1 Ra7 29.
Rh3 Kf6 30. Rxd5 Ke6 31. Bc4 Kf6 32. b4 b5 33. Bb3 c4 34. Bd1 Nxb4 35. cxb4+ Kf7
36. Bxh8 Qxb4+ 37. Kf1 1-0

[Event "AUTO-ADV-4709"]
[Site "http://www.queenalice.com/game.php?id=1820348"]
[Date "2023.9.6"]
[Round "2"]
[White "Scharlatan"]
[Black "lat47"]
[Result "0-1"]
[WhiteElo "2045"]
[BlackElo "1896"]

1. b4 e5 2. Bb2 d6 3. e4 Be6 4. c4 Nf6 5. Nc3 a6 6. Nf3 h6 7. Be2 c6 8. O-O Nh5
9. d4 Nd7 10. h3 Nf4 11. d5 Bxh3 12. gxh3 Qf6 13. Kh2 Qg6 14. Rg1 Qf6 15. Rg3 g5
16. Qa4 Nb8 17. b5 c5 18. bxa6+ Nd7 19. Nb5 Qd8 20. Bf1 Be7 21. Qc2 bxa6 22. Nc3
f6 23. Ne2 Ng6 24. Bc3 Kf7 25. Rb1 Qc7 26. Nc1 h5 27. Qd2 g4 28. Ng1 Ndf8 29.
Ba5 Qc8 30. Rgb3 Nf4 31. h4 Rg8 32. Rg3 f5 33. exf5 Qxf5 34. Bd3 Qf6 35. Nge2
Nh3 36. Rxh3 Qxf2+ 37. Kh1 gxh3 38. Ng3 Qxd2 39. Bxd2 Rxg3 40. Kh2 Rg2+ 41. Kxh3
Rxd2 0-1

[Event "AUTO-ADV-4709"]
[Site "http://www.queenalice.com/game.php?id=1820349"]
[Date "2023.9.6"]
[Round "2"]
[White "lat47"]
[Black "Scharlatan"]
[Result "0-1"]
[WhiteElo "1922"]
[BlackElo "2023"]

1. d4 Nf6 2. e3 c5 3. Bd3 cxd4 4. exd4 d5 5. h3 e6 6. Nf3 Be7 7. Bf4 O-O 8. O-O
Nc6 9. c3 Bd6 10. Be5 Bxe5 11. dxe5 Nd7 12. Qe1 Qc7 13. Qe3 Ncxe5 14. Bxh7+ Kxh7
15. Ng5+ Kg8 16. Qg3 Qd8 17. h4 Qf6 18. h5 Qh6 19. Qh4 Nc4 20. b3 Nd6 21. g4 Nf6
22. f3 Bd7 23. Re1 Rae8 24. Re5 Nh7 25. Nxh7 Qxh7 26. a4 f6 27. Re1 Qc2 28. Ra3
Bc6 29. g5 fxg5 30. Qh3 d4 31. Qf1 Rxf3 32. Rc1 Rxf1+ 0-1

[Event "AUTO-ADV-4709"]
[Site "http://www.queenalice.com/game.php?id=1820352"]
[Date "2023.9.6"]
[Round "2"]
[White "lat47"]
[Black "Zeca1955"]
[Result "0-1"]
[WhiteElo "1940"]
[BlackElo "1820"]

1. d4 g6 2. e3 Bg7 3. Bd2 d6 4. Bd3 Nf6 5. h3 O-O 6. Qf3 c6 7. Nc3 Bd7 8. e4 Re8
9. e5 dxe5 10. dxe5 Nh5 11. g4 Nf6 12. exf6 exf6+ 13. Be3 Qc7 14. Nge2 Be6 15.
O-O-O Qa5 16. Bd4 Nd7 17. Kb1 Rab8 18. Nf4 c5 19. Be3 Ne5 20. Qg3 c4 21. Be4 b5
22. Nxe6 fxe6 23. Bd2 f5 24. gxf5 exf5 25. Bd5+ Kf8 26. Bg2 b4 27. Ne2 c3 28.
Nxc3 Nc4 29. Ne2 Nxb2 30. Qd6+ Kg8 31. Rde1 Rbd8 32. Qxb4 Qxb4 33. Bxb4 Rb8 34.
a3 a5 35. Nc1 axb4 36. Rxe8+ Rxe8 37. axb4 Rb8 38. Na2 Nc4 39. Bd5+ Kf8 40. Bxc4
h5 41. f3 h4 42. Rd1 Ke7 43. b5 Rb6 44. Re1+ Kd6 45. Re6+ Kc5 0-1

[Event "AUTO-ADV-4709"]
[Site "http://www.queenalice.com/game.php?id=1820353"]
[Date "2023.9.6"]
[Round "2"]
[White "Zeca1955"]
[Black "lat47"]
[Result "0-1"]
[WhiteElo "1841"]
[BlackElo "1919"]

1. c4 e5 2. e4 Bc5 3. Nf3 Nc6 4. d3 Nf6 5. Bg5 Bd4 6. Nxd4 Nxd4 7. Be3 c5 8.
Bxd4 cxd4 9. Nd2 O-O 10. Be2 d6 11. O-O Be6 12. h3 Qd7 13. Kh2 Qe7 14. Nb3 b6
15. f4 a5 16. a4 Kh8 17. f5 Bd7 18. g4 h6 19. Rg1 Nh7 20. Qd2 Qh4 21. Rg2 Qe7
22. Qc1 Qh4 23. Nd2 Qg5 24. Bf3 Qe7 25. Nf1 Ng5 26. Be2 g6 27. b3 Bc6 28. Rg3
gxf5 29. gxf5 Qf6 30. Nd2 Rg8 31. Nf3 Nxf3+ 32. Rxf3 Rg7 33. Qd2 Rag8 34. Rf2
Rg5 35. Bf3 Rg3 36. Kh1 Rxh3+ 37. Rh2 Qh4 38. Rg1 Rxg1+ 39. Kxg1 Qg3+ 40. Qg2
Qe1+ 41. Qf1 Qxf1+ 42. Kxf1 Rxh2 43. Ke1 f6 44. Kf1 h5 45. Bg2 Rh4 46. Kf2 Rf4+
47. Bf3 h4 48. Kg2 Kh7 49. Be2 Kh6 50. Kh3 Kg5 51. Bd1 Be8 52. Be2 Rf2 0-1

[Event "AUTO-MASTER-3188"]
[Site "http://www.queenalice.com/game.php?id=1823837"]
[Date "2023.10.25"]
[Round "1"]
[White "maurice916"]
[Black "lat47"]
[Result "1-0"]
[WhiteElo "1929"]
[BlackElo "1938"]

1. Nf3 h6 2. e3 c6 3. c4 d6 4. Nc3 e5 5. d4 Nd7 6. Bd3 Ndf6 7. dxe5 Ng4 8. exd6
Qxd6 9. O-O Ne5 10. Nxe5 Qxe5 11. f4 Qf6 12. Ne4 Qe7 13. Bd2 f5 14. Nc3 Nf6 15.
Qc2 g5 16. Bxf5 Bg7 17. Bxc8 Rxc8 18. e4 Rd8 19. Be3 b6 20. e5 Nd7 21. Qg6+ Kf8
22. Ne4 Nb8 23. c5 b5 24. Nd6 Kg8 25. Bd4 Nd7 26. Rad1 Nf8 27. Qe4 Qc7 28. f5
Qe7 29. f6 Bxf6 30. Rxf6 Rh7 31. Rdf1 Qd7 32. Nf5 Re8 33. Nxh6+ Rxh6 34. Rxh6
Re7 35. e6 Qe8 36. Rh8# 1-0

[Event "AUTO-MASTER-3188"]
[Site "http://www.queenalice.com/game.php?id=1823838"]
[Date "2023.10.25"]
[Round "1"]
[White "lat47"]
[Black "maurice916"]
[Result "0-1"]
[WhiteElo "1910"]
[BlackElo "1959"]

1. d4 c6 2. c3 Nf6 3. Bf4 d6 4. h3 Bf5 5. Nd2 h6 6. Ngf3 Nbd7 7. e3 e6 8. Nh4
Bh7 9. g3 g5 10. Bxd6 Bxd6 11. Nhf3 Qb6 12. Nc4 Qc7 13. Qe2 O-O 14. g4 Be7 15.
Nfd2 b5 16. Na3 Bxa3 17. bxa3 Qa5 18. Bg2 Rac8 19. O-O Qxc3 20. f4 Nd5 21. Bxd5
Bd3 22. Rfc1 Qxc1+ 23. Rxc1 Bxe2 24. Be4 Nb8 25. Kf2 Bc4 26. Rc2 Bd5 27. fxg5
hxg5 28. Bd3 Nd7 29. a4 a6 30. a5 f6 31. a3 Kg7 32. Nb1 Rf7 33. Be2 f5 34. Ke1
Be4 35. Rc1 f4 36. exf4 gxf4 37. Nd2 Bd5 38. Kf2 Rcf8 39. g5 f3 40. Bd1 e5 41.
dxe5 Nxe5 42. Bc2 Rf4 43. Rh1 Nc4 44. Nxc4 Bxc4 45. h4 Rg4 46. Rh2 Rh8 47. Kxf3
Rgxh4 48. Rd2 Rh3+ 49. Kf4 Be6 50. Ke5 Bd5 51. a4 Re8+ 52. Kd6 Rhe3 53. Kc5 bxa4
54. Bxa4 Rc3+ 55. Kb6 Ra3 56. Bd1 Ra8 57. Rb2 Kg6 58. Kb7 c5+ 59. Kb6 Rb8+ 60.
Kxc5 Rxb2 0-1

[Event "AUTO-MASTER-3188"]
[Site "http://www.queenalice.com/game.php?id=1823849"]
[Date "2023.10.25"]
[Round "1"]
[White "OnlyJoking"]
[Black "lat47"]
[Result "1-0"]
[WhiteElo "1987"]
[BlackElo "1932"]

1. d4 d5 2. c4 c6 3. Bf4 Nd7 4. e3 e6 5. Nf3 a6 6. a3 Be7 7. Nc3 dxc4 8. Bxc4 b5
9. Bd3 Bf6 10. Ne4 Be7 11. Qc2 Bb7 12. b4 a5 13. O-O h6 14. Nd6+ Bxd6 15. Bxd6
Ndf6 16. Bc5 Nd7 17. Bd6 Ne7 18. Ne5 Nc8 19. Bc5 Nxe5 20. dxe5 Nb6 21. Bd6 Nc8
22. Bc5 Nb6 23. Rad1 Qc7 24. Bd6 Qd8 25. Be4 Rc8 26. Bc5 Qg5 27. f4 Qd8 28.
Rxd8+ 1-0

[Event "AUTO-MASTER-3188"]
[Site "http://www.queenalice.com/game.php?id=1823850"]
[Date "2023.10.25"]
[Round "1"]
[White "lat47"]
[Black "OnlyJoking"]
[Result "1-0"]
[WhiteElo "1918"]
[BlackElo "2018"]

1. d4 b6 2. Bf4 Bb7 3. c3 e6 4. h3 Nf6 5. Nf3 d6 6. e3 Nbd7 7. Nbd2 d5 8. Bd3
Be7 9. Qc2 a6 10. g4 Nf8 11. g5 N6d7 12. h4 f5 13. gxf6 Bxf6 14. h5 h6 15. Be5
Bxe5 16. dxe5 Qe7 17. Bg6+ Nxg6 18. Qxg6+ Qf7 19. Qxf7+ Kxf7 20. Rh4 Ke7 21.
O-O-O a5 22. Rg1 Kf7 23. Rg6 Rhg8 24. Rf4+ Ke7 25. Nd4 Nf8 26. Rg3 Nd7 27. N2f3
Raf8 28. Rg6 Rxf4 29. exf4 Nf8 30. Rg3 c6 31. Nh4 Kd7 32. Kc2 Ba6 33. Kd2 c5 34.
Ndf3 Ke7 35. Ng6+ Kf7 36. Nxf8 Rxf8 37. Rg6 Re8 38. Ke3 Bf1 39. Ng1 c4 40. Rg3
Bd3 41. Nf3 Bf5 42. Nd4 Re7 43. Nb5 Kf8 44. Nd6 Bc2 45. Kd2 Bf5 46. Nxf5 exf5
47. Rg6 Rc7 48. Rxb6 Rc5 49. Ke3 a4 50. Kd4 1-0

[Event "AUTO-MASTER-3188"]
[Site "http://www.queenalice.com/game.php?id=1823857"]
[Date "2023.10.25"]
[Round "1"]
[White "lat47"]
[Black "Numberzero"]
[Result "0-1"]
[WhiteElo "1896"]
[BlackElo "2094"]

1. d4 e6 2. c3 d5 3. Nf3 Be7 4. Bf4 Nf6 5. e3 Nc6 6. Bd3 O-O 7. Nbd2 a6 8. Qc2
g6 9. h4 Nh5 10. Bh6 Re8 11. a3 Bf8 12. Bxf8 Rxf8 13. g4 Nf6 14. Rg1 e5 15. dxe5
Nxg4 16. Qb3 Ngxe5 17. Nxe5 Nxe5 18. Bb1 c6 19. h5 Qf6 20. hxg6 fxg6 21. Rg2 b5
22. e4 Be6 23. Qd1 Qh4 24. Rg3 Qh1+ 25. Nf1 dxe4 26. b3 Rad8 27. Bd3 Nxd3+ 28.
Rxd3 Rxd3 29. Qxd3 exd3 30. Rd1 Bh3 0-1

[Event "AUTO-MASTER-3188"]
[Site "http://www.queenalice.com/game.php?id=1823858"]
[Date "2023.10.25"]
[Round "1"]
[White "Numberzero"]
[Black "lat47"]
[Result "1-0"]
[WhiteElo "1539"]
[BlackElo "1913"]

1. e4 e5 2. Nf3 d6 3. d4 f6 4. Nc3 c6 5. dxe5 fxe5 6. Nxe5 dxe5 7. Qxd8+ Kxd8 8.
Bd2 h6 9. O-O-O Bd7 10. Be2 Nf6 11. h3 Kc7 12. a3 Be6 13. f4 Bd6 14. f5 Bf7 15.
g4 Nbd7 16. h4 h5 17. g5 Ng4 18. Bxg4 Nf8 19. Bh3 Be7 20. g6 Bg8 21. Bg2 Nd7 22.
Bf3 b5 23. Ne2 Nf6 24. Ba5+ Kb7 25. Bc3 b4 26. axb4 a5 27. bxa5 Bc4 28. Ng3 Ka6
29. b3 Bb5 30. Bxe5 Kxa5 31. Bxf6 Bxf6 32. Nxh5 Be5 33. c4 Ba6 34. Rd7 Kb4 35.
Kc2 Bc8 36. Re7 Ra2+ 37. Kd3 Kxb3 38. Rxe5 Rd8+ 39. Ke3 Kxc4 40. Rc1+ Kb4 41.
Rxc6 Bd7 42. Rb6+ Kc4 43. Be2+ Kc3 44. Rc5# 1-0

[Event "AUTO-MASTER-3197"]
[Site "http://www.queenalice.com/game.php?id=1828451"]
[Date "2024.1.3"]
[Round "1"]
[White "oldprofessor"]
[Black "lat47"]
[Result "1-0"]
[WhiteElo "2086"]
[BlackElo "1888"]

1. d4 e6 2. c4 d5 3. Nc3 dxc4 4. e3 a6 5. Bxc4 c6 6. Nf3 b5 7. Be2 Bd6 8. O-O
Nf6 9. e4 Bc7 10. e5 Nd5 11. Bg5 Qd7 12. Rc1 h6 13. Be3 Bb6 14. Ne4 Bc7 15. Nc5
Qe7 16. Bd2 a5 17. a3 Nd7 18. Ne4 f6 19. Rxc6 Nb8 20. Nd6+ Kd8 21. Nxc8 Kxc8 22.
Rc1 Qd7 23. Rc5 b4 24. Bb5 Qe7 25. Re1 Kd8 26. Nh4 Qf7 27. Nf5 g6 28. Ne3 fxe5
29. Nxd5 exd5 30. dxe5 Qe6 31. Rxd5+ Qxd5 32. Bg5+ 1-0

[Event "AUTO-MASTER-3197"]
[Site "http://www.queenalice.com/game.php?id=1828452"]
[Date "2024.1.3"]
[Round "1"]
[White "lat47"]
[Black "oldprofessor"]
[Result "0-1"]
[WhiteElo "1887"]
[BlackElo "2111"]

1. d4 Nf6 2. f3 d5 3. e3 c5 4. dxc5 e6 5. b4 a5 6. Bb5+ Bd7 7. Bxd7+ Qxd7 8. c3
Be7 9. a3 axb4 10. cxb4 Nc6 11. Bb2 O-O 12. Ne2 Qc7 13. Qd3 Nd7 14. f4 Bf6 15.
Bxf6 Nxf6 16. Nd2 Nxb4 17. Qc3 Nc6 18. h3 Nd7 19. Ng3 Qa5 20. Qxa5 Nxa5 21. Rc1
Nc6 22. Rc3 Ra5 23. O-O Nxc5 24. Rb1 Rb8 25. Kf2 Nd7 26. Ra1 Rc5 27. Rac1 Rxc3
28. Rxc3 g6 29. Rd3 b5 30. Nb3 Ra8 31. Nd2 b4 32. axb4 Nxb4 33. Rb3 Nc5 34. Rc3
Nd7 35. Ngf1 Kg7 36. Rb3 Nc5 37. Rc3 Kf6 38. Rxc5 Nd3+ 39. Ke2 Nxc5 40. g4 Ra2
41. Kf3 Kg7 42. Kg3 Ne4+ 43. Nxe4 dxe4 44. f5 exf5 45. g5 f6 46. gxf6+ Kxf6 47.
h4 h6 48. Nh2 Re2 49. Nf1 g5 50. h5 Ke5 51. Kh3 f4 52. Kg4 Rg2+ 53. Kh3 Rg1 54.
exf4+ gxf4 55. Nd2 Rg3+ 56. Kh2 e3 57. Nc4+ Kd4 58. Nd6 e2 59. Nb5+ Kd3 0-1

[Event "AUTO-MASTER-3197"]
[Site "http://www.queenalice.com/game.php?id=1828469"]
[Date "2024.1.3"]
[Round "1"]
[White "lat47"]
[Black "BeatifulDevil56"]
[Result "1-0"]
[WhiteElo "1880"]
[BlackElo "1901"]

1. d4 d5 2. h3 Nf6 3. Bf4 Nc6 4. e3 h6 5. Bd3 g5 6. Bh2 e5 7. dxe5 Nd7 8. Nf3
Bg7 9. c3 Bxe5 10. Bc2 Bxh2 11. Nxh2 Nf6 12. Qf3 Be6 13. Nd2 Ne5 14. Qe2 Qd7 15.
Nhf3 Nxf3+ 16. Qxf3 Qe7 17. Bf5 Bxf5 18. Qxf5 Qe6 19. Qxe6+ fxe6 20. Rc1 O-O 21.
Nf3 Kg7 22. Ne5 Ne4 23. Rc2 Rf5 24. Nd3 h5 25. h4 g4 26. Nf4 Re5 27. c4 dxc4 28.
Rxc4 Nc5 29. Rxc5 1-0

[Event "AUTO-MASTER-3197"]
[Site "http://www.queenalice.com/game.php?id=1828470"]
[Date "2024.1.3"]
[Round "1"]
[White "BeatifulDevil56"]
[Black "lat47"]
[Result "1/2-1/2"]
[WhiteElo "1985"]
[BlackElo "1883"]

1. e4 e5 2. Nc3 c6 3. Nf3 d6 4. h3 b5 5. b4 Be7 6. d4 exd4 7. Qxd4 Bf6 8. Qd3
Na6 9. a3 Qe7 10. Bb2 d5 11. O-O-O dxe4 12. Qxe4 Qxe4 13. Nxe4 Be6 14. Nxf6+
Nxf6 15. Bxf6 gxf6 16. Be2 O-O 17. Nd4 Nb8 18. Nxe6 fxe6 19. Rd6 e5 20. Rhd1 a5
21. Bf3 axb4 22. axb4 Ra6 23. Kb2 Kg7 24. Re6 c5 25. Re7+ Rf7 26. Rxf7+ Kxf7 27.
bxc5 Ke7 28. Rd3 f5 29. Ra3 b4 30. Rb3 Ra4 31. c3 Na6 32. Bc6 bxc3+ 33. Rxc3 Ra5
34. Kb3 Rxc5 35. Rxc5 Nxc5+ 36. Kc4 Ne6 37. Kd5 Kf6 38. g3 Nd4 39. Ba4 Ne2 40.
Bc2 e4 41. g4 Nf4+ 42. Kd4 Nxh3 43. gxf5 Nxf2 44. Bxe4 h6 45. Ke3 Ng4+ 46. Kf4
Ne5 47. Bb1 Nf7 48. Kg4 Nd6 49. Bc2 Kg7 50. Kh5 1/2-1/2

[Event "AUTO-MASTER-3197"]
[Site "http://www.queenalice.com/game.php?id=1828472"]
[Date "2024.1.3"]
[Round "1"]
[White "attachui"]
[Black "lat47"]
[Result "1-0"]
[WhiteElo "2117"]
[BlackElo "1897"]

1. d4 d5 2. c4 Nf6 3. cxd5 Nxd5 4. e4 Nb6 5. Nc3 e6 6. a3 N8d7 7. f4 Nf6 8. Nf3
h6 9. Bd3 a6 10. O-O Be7 11. f5 exf5 12. e5 Nfd5 13. Nxd5 Nxd5 14. Qc2 c6 15.
Bxf5 g6 16. Bxg6 Bg5 17. Bxf7+ Kd7 18. Bxd5 cxd5 19. Nxg5 hxg5 20. Rf7+ Ke8 21.
Qg6 Rf8 22. Rc7+ 1-0

[Event "AUTO-ADV-4726"]
[Site "http://www.queenalice.com/game.php?id=1833672"]
[Date "2024.3.17"]
[Round "2"]
[White "lat47"]
[Black "atbn"]
[Result "0-1"]
[WhiteElo "1884"]
[BlackElo "1886"]

1. d4 e6 2. c3 d5 3. Bf4 Bd6 4. Qd2 Nf6 5. Bg5 c5 6. e3 h6 7. Bxf6 Qxf6 8. Nf3
O-O 9. Bd3 e5 10. dxe5 Bxe5 11. Nxe5 Qxe5 12. f4 Qh5 13. Be2 Qh4+ 14. g3 Qd8 15.
Bd1 Bh3 16. Bf3 Be6 17. g4 Nc6 18. h4 f5 0-1

[Event "AUTO-ADV-4726"]
[Site "http://www.queenalice.com/game.php?id=1833679"]
[Date "2024.3.17"]
[Round "2"]
[White "lat47"]
[Black "SGF"]
[Result "1-0"]
[WhiteElo "1902"]
[BlackElo "1776"]

1. d4 e6 2. c3 Qf6 3. e3 d5 4. Nf3 c6 5. Bd3 Be7 6. Nbd2 a6 7. Ne5 Bd6 8. Ndf3
c5 9. e4 c4 10. Bc2 h6 11. exd5 exd5 12. Be3 Bg4 13. Nxg4 Qe7 14. Qe2 b5 15.
Nge5 Nf6 16. g4 Bxe5 17. Nxe5 O-O 18. f3 Nfd7 19. f4 Nxe5 20. dxe5 Qh4+ 21. Bf2
Qe7 22. h4 Re8 23. O-O f6 24. Qf3 Qe6 25. Rae1 fxe5 26. Rxe5 Qf7 27. Rxe8+ Qxe8
28. Re1 Qd7 29. Bf5 Qc6 30. Re6 Qc8 31. Qxd5 Nc6 32. Rxc6+ Kh8 33. Bxc8 Kh7 34.
Bf5+ Kh8 35. Bd4 Rg8 36. Rxh6# 1-0

[Event "AUTO-ADV-4726"]
[Site "http://www.queenalice.com/game.php?id=1833680"]
[Date "2024.3.17"]
[Round "2"]
[White "SGF"]
[Black "lat47"]
[Result "0-1"]
[WhiteElo "1788"]
[BlackElo "1890"]

1. e4 e5 2. Qf3 Nf6 3. d3 h6 4. Be2 Bb4+ 5. c3 Bc5 6. b4 Bb6 7. a4 a5 8. b5 d6
9. h3 Nbd7 10. Ba3 Nc5 11. Bd1 Ne6 12. Nd2 Ng5 13. Qg3 Bc5 14. Bxc5 dxc5 15.
Qxe5+ Ne6 16. f4 O-O 17. Bc2 Nd7 18. g3 Nxe5 19. fxe5 Qg5 20. Ne2 Qxe5 21. Bb3
b6 22. Nc4 Qg5 23. h4 Qf6 24. Rf1 Qd8 25. Ne5 Qd6 26. Nc6 Qd7 27. Ne5 Qd6 28. d4
cxd4 29. cxd4 Nxd4 30. Bxf7+ Rxf7 31. Nxf7 Qb4+ 32. Kd1 Qb3+ 33. Kd2 Qc2+ 34.
Ke1 Qxe2# 0-1